al-Manhaj al-ʻilmī li-ʻilāj wa-ṣiyānat al-makhṭūṭāt wa-al-akhshāb wa-al-mansūjāt al-atharīyah
محفوظ في:
المؤلف الرئيسي:
التنسيق: كتاب
اللغة: Undetermined
منشور في:
Cairo :
not identified,
1984.
الموضوعات:
الوسوم: إضافة وسم
لا توجد وسوم, كن أول من يضع وسما على هذه التسجيلة!
رقم الطلب: Z110 .C7 M37
| LEADER | 00732nam a2200181Ia 4500 | ||
|---|---|---|---|
| 008 | 240329s9999||||xx |||||||||||||| ||und|| | ||
| 020 | |a 9789770103210 | ||
| 050 | 4 | |a Z110 .C7 M37 | |
| 100 | 1 | |a Hụsām al-Dīn ʻAbd al-Ḥamīd. Maḥmūd. | |
| 245 | 1 | 0 | |a al-Manhaj al-ʻilmī li-ʻilāj wa-ṣiyānat al-makhṭūṭāt wa-al-akhshāb wa-al-mansūjāt al-atharīyah |c Hụsām al-Dīn ʻAbd al-Ḥamīd. Maḥmūd |
| 264 | 1 | |a Cairo : |b not identified, |c 1984. | |
| 300 | |a 466 |c 24 CM | ||
| 650 | |a Bois Conservation | ||
| 650 | |a Documents de bibliothèque Conservation et restauration | ||
| 650 | |a Library materials Conservation and restoration | ||
| 650 | |a Manuscripts Conservation and restoration | ||
| 942 | |2 lcc |c BK | ||
| 999 | |c 57624 |d 57624 | ||
